Practical CAD/CAM applications / (Record no. 4129)

000 -LEADER
fixed length control field 00356nam a22001337a 4500
008 - FIXED-LENGTH DATA ELEMENTS--GENERAL INFORMATION
fixed length control field 200717b ||||| |||| 00| 0 eng d
082 00 - DEWEY DECIMAL CLASSIFICATION NUMBER
Classification number 670.285
Item number S7954
100 ## - MAIN ENTRY--PERSONAL NAME
9 (RLIN) 3399
Personal name Stark, J.
245 10 - TITLE STATEMENT
Title Practical CAD/CAM applications /
260 ## - PUBLICATION, DISTRIBUTION, ETC. (IMPRINT)
Place of publication, distribution, etc New York
Name of publisher, distributor, etc Marcel Dekker
Date of publication, distribution, etc 1986
300 ## - PHYSICAL DESCRIPTION
Extent xii, 253 p.
650 #0 - SUBJECT ADDED ENTRY--TOPICAL TERM
Topical term or geographic name as entry element CAD/CAM Systems
942 ## - ADDED ENTRY ELEMENTS (KOHA)
Item type Books
Holdings
Withdrawn status Lost status Source of classification or shelving scheme Damaged status Not for loan Permanent location Current location Date acquired Full call number Barcode Date last seen Koha item type
          IMU Kolkata IMU Kolkata 2020-07-17 670.285 S7954 07650 2020-07-17 Books
Designed and Maintained by IMU-KC Library, Kolkata Campus © Copyright All Rights Reserved

webs counters

Powered by Koha